<?xml version="1.0" encoding="UTF-8"?><?xml-stylesheet type="text/xsl" href="static/style.xsl"?><OAI-PMH xmlns="http://www.openarchives.org/OAI/2.0/" xmlns:xsi="http://www.w3.org/2001/XMLSchema-instance" xsi:schemaLocation="http://www.openarchives.org/OAI/2.0/ http://www.openarchives.org/OAI/2.0/OAI-PMH.xsd"><responseDate>2026-04-13T14:23:58Z</responseDate><request verb="GetRecord" identifier="oai:www.recercat.cat:2072/421042" metadataPrefix="marc">https://recercat.cat/oai/request</request><GetRecord><record><header><identifier>oai:recercat.cat:2072/421042</identifier><datestamp>2025-10-15T19:45:35Z</datestamp><setSpec>com_2072_98</setSpec><setSpec>col_2072_378196</setSpec></header><metadata><record xmlns="http://www.loc.gov/MARC21/slim" xmlns:dcterms="http://purl.org/dc/terms/" xmlns:xsi="http://www.w3.org/2001/XMLSchema-instance" xmlns:doc="http://www.lyncode.com/xoai" xsi:schemaLocation="http://www.loc.gov/MARC21/slim http://www.loc.gov/standards/marcxml/schema/MARC21slim.xsd">
   <leader>00925njm 22002777a 4500</leader>
   <datafield ind2=" " ind1=" " tag="042">
      <subfield code="a">dc</subfield>
   </datafield>
   <datafield ind2=" " ind1=" " tag="720">
      <subfield code="a">Martínez Martínez, Miguel</subfield>
      <subfield code="e">author</subfield>
   </datafield>
   <datafield ind2=" " ind1=" " tag="720">
      <subfield code="a">Universitat Autònoma de Barcelona. Escola d'Enginyeria</subfield>
      <subfield code="e">author</subfield>
   </datafield>
   <datafield ind2=" " ind1=" " tag="260">
      <subfield code="c">2011</subfield>
   </datafield>
   <datafield ind2=" " ind1=" " tag="520">
      <subfield code="a">El proyecto consiste en la creación mediante software libre de un sistema de telefonía corporativo, que ofrece la mayor parte de las funcionalidades de un sistema telefónico implantado en cualquier PYME de la actualidad y que tiene como elemento principal una centralita telefónica Asterisk, así como en el desarrollo de un softphone(teléfono software) utilizando el protocolo de señalización SIP, que explota gran parte de las funcionalidades que proporciona la centralita. Este sistema de telefonía tiene además la capacidad de integrarse con herramientas CRM a través de la importación de los contactos en el listín corporativo del softphone.</subfield>
   </datafield>
   <datafield ind2=" " ind1=" " tag="520">
      <subfield code="a">El projecte consisteix en la creació mitjançant programari lliure d'un sistema de telefonia corporatiu, el qual ofereix la major part de les funcionalitats d'un sistema telefònic implantat a qualsevol PIME de l'actualitat i té com a element principal una centraleta telefònica Asterisk, així com en el desenvolupament d'un softphone(telèfon software) utilitzant el protocol de senyalització SIP, el qual explota gran part de les funcionalitats que proporciona la centraleta. Aquest sistema de telefonia té a més la capacitat d'integrar-se amb eines CRM a través de la importació dels contactes a la guia de telèfons corporativa del softphone.</subfield>
   </datafield>
   <datafield ind2=" " ind1=" " tag="520">
      <subfield code="a">The project involves creating a free software corporate telephone system, mainly based on an Asterisk PBX, and offering most of the functionalities of a phone system implemented in any SME nowadays. It also involves developing a softphone (software phone) using the SIP signaling protocol, which exploits most of the functionalities offered by Asterisk PBX. This phone system can also be integrated with CRM tools by importing contacts into the softphone corporate directory.</subfield>
   </datafield>
   <datafield tag="653" ind2=" " ind1=" ">
      <subfield code="a">Telefonia, Sistemes de</subfield>
   </datafield>
   <datafield tag="653" ind2=" " ind1=" ">
      <subfield code="a">Centrals telefòniques</subfield>
   </datafield>
   <datafield ind2="0" ind1="0" tag="245">
      <subfield code="a">Desarrollo de un softphone, implementación de una centralita basada en código libre e integración con herramienta CRM</subfield>
   </datafield>
</record></metadata></record></GetRecord></OAI-PMH>